000 01164 a2200277 4500
005 20260624081805.0
020 _a0397514069
050 0 0 _aRC655
_bBRA 1996
245 0 0 _aWerner and Ingbar's the thyroid :
_ba fundamental and clinical text /
_cedited by Lewis E. Braverman, Robert D. Utiger ; with 130 contributors.
250 _aseventh edition
_bedited by Lewis E. Braverman, Robert D. Utiger ; with 130 contributors.
264 _aNew York :
_bLippicott,
_c1995
300 _axx, 1124 pages
_billustrations
336 _atext
_btxt
_2rdacontent
337 _aunmediated
_bn
_2rdamedia
338 _avolume
_bnc
_2rdacarrier
504 _aIncludes bibliographical references and index.
650 0 _aThyroid gland
_xDiseases.
650 0 _aThyroid gland
_xPhysiology.
650 1 2 _aThyroid Diseases.
650 2 2 _aThyroid Gland
_xphysiology.
700 1 _aBraverman,Lewis E
_eeditor
700 1 _aUtiger, Robert D.
_eeditor
942 _2lcc
_cBK
_eseventh edition
_h665
_iBRA
_kRC
999 _c12160
_d12160